Score 0/20 Timer 03:00
2 Plays Today
% Correct
London
95.3%
Riga
92%
Wriggly
91.6%
Oliver Stone
90.7%
Wrigley
89.9%
Turn
89.6%
Eight
89.2%
Lieu
83.1%
Seven
83.1%
Double Double
79.7%
% Correct
Alakazam
78.5%
Toilette
78.3%
Eleven
76.5%
Ten
76%
JFK
74.2%
Barney Rubble
65.4%
Left
63.9%
Right
57.8%
Miami
57.4%
Theodore Roosevelt
49.9%
Remove Ads.
Support Sporcle.
Get the best of Sporcle when you Go Orange. This ad-free experience offers more features, more stats, and more fun while also helping to support Sporcle. Thank you for becoming a member.

You're not logged in!

Compare scores with friends on all Sporcle quizzes.
OR
Log In

Sporcle TV

Today on Sporcle TV


Watch our educational content, quiz creation guides, and fun videos on Sporcle TV.

Show Comments

Extras

Top Quizzes Today


Score Distribution

Paid Content

Your Account Isn't Verified!

In order to create a playlist on Sporcle, you need to verify the email address you used during registration. Go to your Sporcle Settings to finish the process.

Report this User

Report this user for behavior that violates our Community Guidelines.

Details: